| 000 | 00373nam a2200145Ia 4500 | ||
|---|---|---|---|
| 008 | 220831s9999||||xx |||||||||||||| ||und|| | ||
| 020 | _a9789391596088 | ||
| 082 |
_a650 _bMAT/T |
||
| 100 | _aMathur, Abha | ||
| 245 | 0 | _aTaxmann's Entrepreneurship Development | |
| 250 | _a1st | ||
| 260 |
_aNew Delhi _bTaxmann Publication Pvt. Ltd. _c2021 |
||
| 300 | _a10.38 | ||
| 942 | _cPB | ||
| 999 |
_c38199 _d38199 |
||